International Association of assessing Officers (Record no. 120718)
[ view plain ]
| 000 -LEADER | |
|---|---|
| fixed length control field | 01037cai a22001815a 4500 |
| 001 - CONTROL NUMBER | |
| control field | L145707 |
| 008 - FIXED-LENGTH DATA ELEMENTS--GENERAL INFORMATION | |
| fixed length control field | 081103c xxkao f 000 0 eng d |
| 035 ## - SYSTEM CONTROL NUMBER | |
| System control number | (Sirsi) u145707 |
| 041 0# - LANGUAGE CODE | |
| Language code of text/sound track or separate title | eng |
| 110 2# - MAIN ENTRY--CORPORATE NAME | |
| Corporate name or jurisdiction name as entry element | International Association of Assessing Officers |
| 9 (RLIN) | 2591 |
| 245 00 - TITLE STATEMENT | |
| Title | International Association of assessing Officers |
| Medium | [electronic resource] |
| 520 ## - SUMMARY, ETC. | |
| Summary, etc. | Website for the International Association of Assessing Officers (IAAO), a non profit educational and research association with more than 8 000 members worldwide. The stated mission of the association is the promotion of innovation and excellence in property appraisal, assessment administration and property tax policy. Website supports these aims through the provision of membership information, news on meetings and education and access to a range of electronic resources. |
| 590 ## - LOCAL NOTE (RLIN) | |
| Local note | KA |
| 651 #4 - SUBJECT ADDED ENTRY--GEOGRAPHIC NAME | |
| Geographic name | United States |
| Chronological subdivision | 1959- |
| 690 ## - LOCAL SUBJECT ADDED ENTRY--TOPICAL TERM (OCLC, RLIN) | |
| Topical term or geographic name as entry element | Planning and development |
| 9 (RLIN) | 6259 |
| 856 40 - ELECTRONIC LOCATION AND ACCESS | |
| Uniform Resource Identifier | <a href="https://www.iaao.org/">https://www.iaao.org/</a> |
| Public note | View the website free of charge at www.iaao.org... |
| 942 ## - ADDED ENTRY ELEMENTS (KOHA) | |
| Suppress in OPAC | 0 |
| Withdrawn status | Lost status | Source of classification or shelving scheme | Damaged status | Not for loan | Home library | Current library | Shelving location | Date acquired | Total Checkouts | Full call number | Barcode | Date last seen | Copy number | Price effective from | Koha item type |
|---|---|---|---|---|---|---|---|---|---|---|---|---|---|---|---|
| Dewey Decimal Classification | Virtual | Virtual | Online | 03/11/2008 | ONLINE PUBLICATION | 145707-1001 | 06/08/2019 | 1 | 06/08/2019 | Online material |